[Event "40th Annual World Open"]
[Site "Philadelphia USA"]
[Date "2012.07.08"]
[Round "8"]
[White "So, Wesley"]
[Black "Shabalov, Alexander"]
[Result "1/2-1/2"]
[WhiteTitle "GM"]
[BlackTitle "GM"]
[WhiteElo "2650"]
[BlackElo "2534"]
[WhiteFideId "5202213"]
[BlackFideId "2008572"]
[EventDate "2012.07.03"]
[EventType "swiss"]

1. d4 d5 2. c4 c6 3. Nf3 Nf6 4. Qb3 e6 5. Bg5 dxc4 6. Qxc4 b5 7. Qc2 Bb7 8. e4
Nbd7 9. Bd3 h6 10. Bxf6 Qxf6 11. O-O e5 12. a4 Rc8 13. Rc1 Be7 14. axb5 O-O 15.
Qd2 cxb5 16. Rxc8 Rxc8 17. Bxb5 Nf8 18. d5 g5 19. Nc3 g4 20. Ne1 Qb6 21. Be2 h5
22. Nd3 Nd7 23. Kh1 Rc4 24. f3 gxf3 25. gxf3 Kf8 26. f4 exf4 27. Qxf4 Rd4 28.
Rf1 Bf6 29. Qf5 Ke8 30. b4 Rxd3 31. Bxd3 Bxc3 32. Qxf7+ Kd8 33. Qg8+ Kc7 34. Rc1
Qd4 35. Qg3+ Kd8 36. Bb1 Bb2 37. Qg8+ Ke7 38. Qe6+ Kd8 39. Qg8+ Ke7 40. Rf1 Kd6
41. Qg3+ Qe5 42. Qg6+ Kc7 1/2-1/2

[Event "40th Annual World Open"]
[Site "Philadelphia USA"]
[Date "2012.07.08"]
[Round "8"]
[White "Gupta, Abhijeet"]
[Black "Bosiocic, Marin"]
[Result "1/2-1/2"]
[WhiteTitle "GM"]
[BlackTitle "GM"]
[WhiteElo "2627"]
[BlackElo "2570"]
[WhiteFideId "5010608"]
[BlackFideId "14507927"]
[EventDate "2012.07.03"]
[EventType "swiss"]

1. d4 d5 2. c4 c6 3. Nf3 Nf6 4. Nc3 e6 5. e3 Nbd7 6. Qc2 Bd6 7. Bd3 O-O 8. O-O
dxc4 9. Bxc4 b5 10. Bd3 Bb7 11. a3 a5 12. e4 e5 13. dxe5 Nxe5 14. Nxe5 Bxe5 15.
h3 Re8 16. Be3 Qe7 17. Ne2 c5 18. Bxc5 Qc7 19. f3 Nd7 20. Bd4 Qd6 21. Bf2 Rec8
22. Qd1 Ba6 23. Rb1 Nc5 24. Bxc5 Qxc5+ 25. Kh1 Rd8 26. f4 b4 27. Rf3 Bb8 28. Rc1
Qb6 29. Qb3 Bb7 30. Ng3 a4 31. Qxb4 Qxb4 32. axb4 a3 33. bxa3 Rxa3 34. Bc4 Rxf3
35. gxf3 Bxf4 36. Rg1 Bxg3 37. Rxg3 Rd4 38. Be2 Rxb4 39. Kg2 Rb2 40. Kf1 g6 41.
Rg5 Bc8 42. h4 f5 43. h5 Kg7 44. hxg6 hxg6 45. exf5 Bxf5 46. Kf2 Kf6 1/2-1/2

[Event "40th Annual World Open"]
[Site "Philadelphia USA"]
[Date "2012.07.08"]
[Round "8"]
[White "Erenburg, Sergey"]
[Black "Stripunsky, Alexander"]
[Result "1/2-1/2"]
[WhiteTitle "GM"]
[BlackTitle "GM"]
[WhiteElo "2624"]
[BlackElo "2553"]
[WhiteFideId "2805642"]
[BlackFideId "2015315"]
[EventDate "2012.07.03"]
[EventType "swiss"]

1. e4 c5 2. Nf3 e6 3. d4 cxd4 4. Nxd4 a6 5. Bd3 Nf6 6. O-O d6 7. c4 g6 8. Nc3
Bg7 9. h3 b6 10. Nf3 Nfd7 11. Bg5 Qc7 12. Rc1 h6 13. Be3 Bb7 14. Qd2 Nc6 15.
Rfd1 Nc5 16. Be2 Rd8 17. Bf4 Be5 18. Bxh6 Bxc3 19. bxc3 Nxe4 20. Qf4 Na5 21. Bg7
Rh5 22. Bf6 Nxf6 23. Qxf6 Bxf3 24. Qxf3 Rf5 25. Qg4 e5 26. g3 Qc5 27. Rf1 Kf8
28. Qh4 Rc8 29. Bg4 Nxc4 30. Bxf5 gxf5 31. Rcd1 e4 32. Qf6 Re8 33. Rd4 Re6 34.
Qh8+ Ke7 35. Qh4+ Kd7 36. Qh5 Ne5 37. Kg2 Qxc3 38. Rfd1 Rf6 39. Qe2 Rg6 40. Qh5
Rf6 41. Qe2 b5 42. Rd5 Nd3 43. Kh2 Qc4 44. R5xd3 exd3 45. Rxd3 Re6 46. Qd2 b4
47. Rd5 f4 48. gxf4 Qc3 49. f5 Rf6 50. Qe2 Rh6 51. Rd3 Qc5 52. Qf3 Qe5+ 53. Kg2
Qb5 54. Re3 Rf6 55. h4 Rxf5 56. Qg4 Kc6 57. Rf3 Rxf3 58. Qxf3+ Kb6 59. Qxf7 Qe5
60. h5 a5 61. Qf8 Qd5+ 62. Qf3 Qxa2 63. h6 Qg8+ 64. Kh2 b3 65. Qe3+ Kb5 66. Qd3+
Qc4 67. Qxd6 Qh4+ 68. Kg2 a4 69. h7 Qxh7 70. Qd5+ Kb4 71. Qd4+ Kb5 72. Qa1 Kb4
73. Qd4+ Kb5 74. Qd5+ Kb6 75. Qd4+ Kb7 76. Qb4+ Kc8 77. Qxa4 Qg6+ 78. Kf3 Qd3+
79. Kf4 Kc7 80. Qa7+ Kc6 81. Qa8+ Kc5 82. Qa5+ Kc4 83. Qa6+ Kc3 84. Qa5+ Kc2 85.
Qa4 Qd5 86. Kg3 Kc3 87. Qa3 Qg5+ 88. Kh3 Qf5+ 89. Kg3 Kc2 90. Qa4 Qe5+ 91. f4
Qc3+ 92. Kg4 Kd2 93. f5 b2 94. Qf4+ Kc2 95. Qe4+ Kb3 96. Kh5 Qh3+ 97. Kg6 Qg3+
98. Kf7 Ka2 99. Qe2 Qc7+ 100. Kg6 Qg3+ 101. Kf7 Ka3 102. Qa6+ Kb3 103. Qb5+ Kc2
104. Qc4+ Qc3 105. Qe2+ Kb3 106. Qb5+ Ka2 107. Qa6+ Qa3 108. Qe2 Qd6 109. Qc4+
Ka1 110. Qa4+ Kb1 111. f6 Kc1 112. Qc4+ Kd2 113. Qb5 Qc7+ 114. Ke8 Qc8+ 115. Ke7 1/2-1/2

[Event "40th Annual World Open"]
[Site "Philadelphia USA"]
[Date "2012.07.08"]
[Round "8"]
[White "Kacheishvili, Giorgi"]
[Black "Evdokimov, Alexander A."]
[Result "1/2-1/2"]
[WhiteTitle "GM"]
[BlackTitle "GM"]
[WhiteElo "2605"]
[BlackElo "2544"]
[WhiteFideId "13600613"]
[BlackFideId "4139275"]
[EventDate "2012.07.03"]
[EventType "swiss"]

1. d4 Nf6 2. Nf3 g6 3. Bg5 Bg7 4. Nbd2 O-O 5. c3 d5 6. e3 b6 7. a4 a6 8. a5 Bb7
9. Bd3 c5 10. axb6 Nbd7 11. O-O Qxb6 12. Qa4 c4 13. Be2 Bc6 14. Qc2 a5 15. Rab1
a4 16. e4 Nxe4 17. Nxe4 dxe4 18. Nd2 e5 19. Nxc4 Qc7 20. Qd2 exd4 21. cxd4 Bd5
22. Rbc1 Qa7 23. Nd6 Bb3 24. Be3 Nf6 25. Rc5 Rfd8 26. Nc4 Rd5 27. Rc1 Qxc5 28.
dxc5 Rxd2 29. Nxd2 Nd5 30. Nxb3 axb3 31. Bc4 Nxe3 32. fxe3 Bxb2 33. Rf1 Bc1 34.
Bxf7+ Kg7 35. Bxb3 Bxe3+ 36. Kh1 Bxc5 37. Bd5 Re8 38. g3 e3 39. Bc4 Rb8 40. Rf7+
Kh8 41. Rc7 Rb1+ 42. Kg2 Rb2+ 43. Kh3 Bd4 44. Rd7 Bf6 45. Rd6 Kg7 46. Re6 Bd4
47. Re7+ Kh6 48. Re4 Bc5 49. Re5 Ba7 50. Re7 Bd4 51. Re4 Bb6 52. Re6 Rb4 53. Be2
Rb2 54. Bc4 Kg7 55. Re7+ Kf8 56. Rb7 h5 57. g4 Rb4 58. gxh5 gxh5 59. Be2 1/2-1/2

[Event "40th Annual World Open"]
[Site "Philadelphia USA"]
[Date "2012.07.08"]
[Round "8"]
[White "Gelashvili, Tamaz"]
[Black "Mitkov, Nikola"]
[Result "1/2-1/2"]
[WhiteTitle "GM"]
[BlackTitle "GM"]
[WhiteElo "2604"]
[BlackElo "2527"]
[WhiteFideId "13600702"]
[BlackFideId "15000290"]
[EventDate "2012.07.03"]
[EventType "swiss"]

1. d4 d5 2. Nf3 Nf6 3. Bf4 c5 4. e3 Nc6 5. c3 Qb6 6. Qb3 c4 7. Qc2 Bf5 8. Qc1
Nh5 9. Be5 f6 10. Bg3 e5 11. Be2 Bd3 12. Bxd3 cxd3 13. O-O Nxg3 14. hxg3 Rc8 15.
c4 exd4 16. exd4 Nxd4 17. Qe3+ Ne6 18. Qxb6 axb6 19. cxd5 Nc7 20. Nc3 Rd8 21.
Rad1 Nxd5 22. Rxd3 Nxc3 23. Re1+ Be7 24. Rxc3 Kd7 25. a3 Rhe8 26. Kf1 Bd6 27.
Rd1 Ke7 28. b4 Bb8 29. Rxd8 Kxd8 30. Nd2 Bc7 31. Nc4 Re4 32. Rd3+ Kc8 33. Ne3 g6
34. Ke2 f5 35. Rd5 Re6 36. Kd3 f4 37. gxf4 Bxf4 38. Nc4 Bc7 39. Rd4 Rf6 40. f3
Rf5 41. Ne3 Rf7 42. Nd5 Bd8 43. Kc4 Rf5 44. Ne3 Rf7 45. Re4 Kd7 46. Ng4 Bc7 47.
Ne5+ Bxe5 48. Rxe5 Kd6 49. Rd5+ Kc6 50. b5+ Kc7 51. Kd3 Rf4 52. Ke3 Ra4 53. g4
Rxa3+ 54. Ke4 Rc3 55. g5 Kc8 56. f4 Rc4+ 57. Kf3 Rc5 58. Rd1 Rf5 59. Ke4 Kc7 60.
Rd2 Rf7 61. Rd5 Re7+ 62. Re5 Rd7 63. Re6 Rf7 64. Ke3 Rd7 65. Rf6 Rd6 66. Rf8 Rd7
67. Rf6 Rd6 68. Rxd6 Kxd6 69. Kd4 Ke6 70. Ke4 Kd6 71. Kd4 Ke6 72. Ke4 Kd6 73.
Kd4 1/2-1/2

[Event "40th Annual World Open"]
[Site "Philadelphia USA"]
[Date "2012.07.08"]
[Round "8"]
[White "Robson, Ray"]
[Black "Jankovic, Alojzije"]
[Result "1/2-1/2"]
[WhiteTitle "GM"]
[BlackTitle "GM"]
[WhiteElo "2601"]
[BlackElo "2543"]
[WhiteFideId "2023970"]
[BlackFideId "14505959"]
[EventDate "2012.07.03"]
[EventType "swiss"]

1. e4 c5 2. Nf3 d6 3. d4 cxd4 4. Nxd4 Nf6 5. Nc3 Nc6 6. Bg5 e6 7. Qd2 a6 8.
O-O-O Bd7 9. f4 b5 10. Nxc6 Bxc6 11. Qe1 Be7 12. Bd3 Nd7 13. Bxe7 Qxe7 14. Qg3
O-O 15. Rhe1 Nc5 16. Kb1 b4 17. Nd5 exd5 18. exd5 Qf6 19. dxc6 Na4 20. c3 bxc3
21. Rc1 Nxb2 22. Rxc3 Rfb8 23. Rb3 Na4 24. Bxa6 Nc3+ 25. Kc2 Rxb3 26. Kxb3 Na4
27. Kxa4 Qd4+ 28. Kb3 Qb6+ 29. Kc2 Qxc6+ 30. Kb1 Qxa6 31. Qb3 Qa7 32. Qd5 g6 33.
Ka1 Qa3 34. Qd2 d5 35. Re3 Qa4 36. g3 d4 37. Rd3 Rd8 38. Qd1 Qa5 39. Qd2 Qc5 40.
Qd1 Rb8 41. Qd2 Qb5 42. Qc2 Qd5 43. Qd1 Qc4 44. Qd2 Re8 45. Kb2 Ra8 46. a3 Rb8+
47. Ka1 Re8 48. Kb2 Qb5+ 49. Ka1 Qc5 50. Kb2 Qh5 51. Qc2 Re2 52. Rd2 Qb5+ 53.
Ka2 d3 54. Qc8+ Kg7 55. Qc3+ Kh6 56. g4 Qd5+ 57. Kb1 Qh1+ 58. Kb2 Qxh2 59. Kc1
Re1+ 60. Kb2 Re2 61. Kc1 Re1+ 62. Kb2 Qxf4 63. Rxd3 Qb8+ 64. Qb4 Qxb4+ 65. axb4
Kg5 66. Rd4 h5 67. gxh5 Kxh5 68. b5 f5 69. b6 Re7 70. Kc3 g5 71. Rb4 Rb7 72. Kd3
g4 73. Ke3 Kh4 74. Kf4 g3 75. Rb2 Kh3 76. Rb3 Kh2 77. Rxg3 Rxb6 78. Rg5 Rb4+ 79.
Kxf5 Rb5+ 80. Kf6 Rxg5 81. Kxg5 1/2-1/2

[Event "40th Annual World Open"]
[Site "Philadelphia USA"]
[Date "2012.07.08"]
[Round "8"]
[White "Shulman, Yuri"]
[Black "Romanenko, Vladimir"]
[Result "1-0"]
[WhiteTitle "GM"]
[BlackTitle "GM"]
[WhiteElo "2588"]
[BlackElo "2463"]
[WhiteFideId "13500520"]
[BlackFideId "13502921"]
[EventDate "2012.07.03"]
[EventType "swiss"]

1. d4 Nf6 2. c4 e6 3. Nc3 Bb4 4. e3 O-O 5. Bd3 d5 6. Nf3 c5 7. O-O Nc6 8. a3
Bxc3 9. bxc3 dxc4 10. Bxc4 Qc7 11. h3 e5 12. Bb2 Bf5 13. Qe2 e4 14. Nd2 Na5 15.
Ba2 Rac8 16. c4 cxd4 17. exd4 Rfe8 18. Rac1 Bg6 19. Qe3 b6 20. Rfe1 Nc6 21. Bb1
h6 22. d5 Ne5 23. Bxe4 Nxe4 24. Nxe4 Bxe4 25. Qxe4 Nxc4 26. Qxe8+ Rxe8 27. Rxe8+
Kh7 28. Re4 b5 29. Rd4 Qd6 30. Rb1 Qc5 31. Rdd1 a5 32. Bc1 g5 33. Rb3 Nd6 34.
Be3 Qc2 35. Rbb1 b4 36. axb4 axb4 37. Rbc1 Qa4 38. Rd3 b3 39. Rb1 b2 40. Bd4 Nc4
41. d6 Qc2 42. Rdd1 Nxd6 43. Bxb2 Ne4 44. Bd4 h5 45. Rbc1 Qa2 46. Re1 Qd5 47.
Be3 g4 48. Red1 Qb3 49. Rb1 Qc2 50. Rdc1 Qd3 51. Rd1 Qc2 52. Rbc1 Qb3 53. hxg4
hxg4 54. Rb1 Qc2 55. Rdc1 Qd3 56. Rd1 Qc2 57. Rbc1 Qb3 58. Re1 Qb4 59. g3 Kg7
60. Red1 Kg6 61. Rd4 Qb7 62. Rcc4 f5 63. Rb4 Qa6 64. Rd8 Qe2 65. Rb6+ Kf7 66.
Rd7+ Ke8 67. Rh7 1-0

[Event "40th Annual World Open"]
[Site "Philadelphia USA"]
[Date "2012.07.08"]
[Round "8"]
[White "Arnold, Marc T"]
[Black "Hess, Robert L"]
[Result "1-0"]
[WhiteTitle "IM"]
[BlackTitle "GM"]
[WhiteElo "2529"]
[BlackElo "2639"]
[WhiteFideId "2022320"]
[BlackFideId "2022036"]
[EventDate "2012.07.03"]
[EventType "swiss"]

1. d4 d5 2. c4 e6 3. Nf3 Nf6 4. Nc3 Be7 5. Bf4 O-O 6. e3 Nbd7 7. c5 Nh5 8. Bd3
Nxf4 9. exf4 c6 10. Qc2 h6 11. O-O Qc7 12. g3 b6 13. b4 a5 14. a3 Bb7 15. Rab1
axb4 16. axb4 Ra3 17. Rfe1 bxc5 18. bxc5 Rfa8 19. Rb4 Bc8 20. Reb1 Qa7 21. Kg2
Bd8 22. R1b3 Rxb3 23. Qxb3 Qa3 24. Ne5 Qxb3 25. Rxb3 Nxe5 26. fxe5 Kf8 27. f4
Ke8 28. Ne2 Ra4 29. Kf3 Kd7 30. Ke3 Ba5 31. Ng1 g5 32. Ne2 Ra2 33. f5 exf5 34.
Bxf5+ Kc7 35. Bxc8 Kxc8 36. g4 Ra1 37. Ng3 Ra2 38. Nf5 Bc7 39. Nd6+ Bxd6 40.
exd6 Rxh2 41. Rb6 Kd7 42. Rb7+ Kd8 43. Rxf7 Rg2 44. Rc7 Rxg4 45. Rxc6 Re4+ 46.
Kd3 Re6 47. Ra6 g4 48. Ra8+ Kd7 49. Rg8 h5 50. Rg7+ Kd8 51. Rh7 g3 52. Rxh5 Rg6
53. Rh1 g2 54. Rg1 Rg3+ 55. Ke2 Rg4 56. Kf3 Rxd4 57. Rxg2 Rc4 58. Rg8+ Kd7 59.
Rg7+ Kd8 60. Rc7 Re4 61. c6 Rc4 62. Rd7+ Kc8 63. Rc7+ Kd8 64. Ke3 Re4+ 65. Kd2
Rd4+ 66. Kc3 Rh4 67. Kc2 Rg4 68. Kb2 Rg6 69. Rd7+ Kc8 70. Kb3 d4 71. Kc4 d3 72.
Kxd3 Rg1 73. Rc7+ Kd8 74. Rd7+ Kc8 75. Kd4 Rd1+ 76. Ke5 Re1+ 77. Kd5 Rd1+ 78.
Ke6 Re1+ 79. Kf7 Rc1 80. Rc7+ Kd8 81. Ke6 Re1+ 82. Kd5 Rd1+ 83. Kc5 Rc1+ 84. Kb6
Rb1+ 85. Ka7 Rd1 86. Rh7 Rxd6 87. Kb7 1-0

[Event "40th Annual World Open"]
[Site "Philadelphia USA"]
[Date "2012.07.08"]
[Round "8"]
[White "Liu, Qingnan"]
[Black "Smirin, Ilia"]
[Result "1/2-1/2"]
[WhiteTitle "IM"]
[BlackTitle "GM"]
[WhiteElo "2509"]
[BlackElo "2647"]
[WhiteFideId "8603294"]
[BlackFideId "2801990"]
[EventDate "2012.07.03"]
[EventType "swiss"]

1. e4 c5 2. Nc3 a6 3. g3 b5 4. Bg2 Bb7 5. a4 b4 6. Nd5 e6 7. Ne3 Nf6 8. d3 d5 9.
e5 Nfd7 10. f4 Nc6 11. Nf3 Be7 12. O-O O-O 13. c4 dxc4 14. Nxc4 Nb6 15. Nfd2
Qd4+ 16. Rf2 Nxc4 17. Nxc4 Rad8 18. Be3 Qxd3 19. Qxd3 Rxd3 20. Be4 Rd7 21. Rc1
Rfd8 22. Rd2 Rxd2 23. Nxd2 Nd4 24. Bxd4 Rxd4 25. Bxb7 Rxd2 26. Bxa6 Rxb2 27. Bc4
Bd8 28. Rd1 Ba5 29. Rd7 g6 30. Ra7 Bb6 31. Rb7 Rc2 32. Bf1 1/2-1/2

[Event "40th Annual World Open"]
[Site "Philadelphia USA"]
[Date "2012.07.08"]
[Round "8"]
[White "Venkatesh, M.R."]
[Black "Iturrizaga, Eduardo"]
[Result "0-1"]
[WhiteTitle "IM"]
[BlackTitle "GM"]
[WhiteElo "2506"]
[BlackElo "2628"]
[WhiteFideId "5005779"]
[BlackFideId "3901211"]
[EventDate "2012.07.03"]
[EventType "swiss"]

1. e4 c5 2. Nc3 e6 3. Nge2 Nc6 4. d4 cxd4 5. Nxd4 Qc7 6. g3 a6 7. Bg2 Nge7 8.
Nb3 Ng6 9. O-O h5 10. Be3 Nce5 11. Bd4 b5 12. a4 b4 13. Ne2 Nc4 14. Nd2 Nxd2 15.
Qxd2 a5 16. Rfd1 h4 17. Rac1 h3 18. Bh1 Bb7 19. b3 Bc6 20. Be3 Qb7 21. Qd4 Rh5
22. Qb6 Qxb6 23. Bxb6 Bc5 24. Bxc5 Rxc5 25. Nd4 Rc8 26. Rd2 Ne7 27. Rcd1 e5 28.
Ne2 f5 29. f3 d5 30. exf5 Nxf5 31. Nc1 Bb7 32. Re2 Rxc2 33. Rxe5+ Kf7 34. Ne2
Ne7 35. f4 Rb2 36. Nd4 Ng8 37. Nf5 Rd8 38. Re3 d4 39. Red3 Bxh1 40. Kxh1 Nf6 41.
Kg1 Rg2+ 42. Kf1 Ng4 0-1

[Event "40th Annual World Open"]
[Site "Philadelphia USA"]
[Date "2012.07.08"]
[Round "8"]
[White "Zapata, Alonso"]
[Black "Lenderman, Aleksandr"]
[Result "0-1"]
[WhiteTitle "GM"]
[BlackTitle "GM"]
[WhiteElo "2488"]
[BlackElo "2613"]
[WhiteFideId "4400011"]
[BlackFideId "2021285"]
[EventDate "2012.07.03"]
[EventType "swiss"]

1. e4 c6 2. d4 d5 3. exd5 cxd5 4. c3 Qc7 5. Nf3 Nc6 6. Nbd2 Bg4 7. Qa4 Bd7 8.
Bb5 e6 9. O-O Bd6 10. Re1 a6 11. Bxc6 Bxc6 12. Qd1 Nf6 13. Ne5 O-O 14. Nf1 Rfe8
15. Ng3 Nd7 16. Bf4 Nf8 17. Nh5 f6 18. Nxc6 Bxf4 19. Nxf4 bxc6 20. Nd3 e5 21.
Qg4 Re7 22. Re3 e4 23. Nf4 f5 24. Qg3 g6 25. f3 Qd6 26. Rae1 Rae8 27. fxe4 dxe4
28. h4 Rg7 29. d5 h6 30. Qf2 cxd5 31. Rd1 Re5 32. Qd2 Rd7 33. Rg3 Kh7 34. Qd4
Ne6 35. Rxg6 Nxd4 36. Rxd6 Nf3+ 37. gxf3 Rxd6 38. Kf2 exf3 39. Kxf3 Re4 0-1

[Event "40th Annual World Open"]
[Site "Philadelphia USA"]
[Date "2012.07.08"]
[Round "8"]
[White "Sethuraman, S.P."]
[Black "Deepan, Chakkravarthy J."]
[Result "1-0"]
[WhiteTitle "GM"]
[BlackTitle "GM"]
[WhiteElo "2535"]
[BlackElo "2468"]
[WhiteFideId "5021596"]
[BlackFideId "5011132"]
[EventDate "2012.07.03"]
[EventType "swiss"]

1. e4 c5 2. Nf3 e6 3. d4 cxd4 4. Nxd4 a6 5. Bd3 Bc5 6. Nb3 Ba7 7. O-O Nc6 8. c4
Nf6 9. Nc3 O-O 10. Bg5 Ne5 11. Be2 h6 12. Bh4 Ng6 13. Bg3 e5 14. Qd2 d6 15. Rfd1
Be6 16. Qxd6 Qxd6 17. Rxd6 Rac8 18. Kf1 Bxc4 19. Bxc4 Rxc4 20. f3 Rfc8 21. Rad1
Kf8 22. Bf2 Bxf2 23. Kxf2 Rb4 24. R1d2 Ne8 25. Rd8 Rxd8 26. Rxd8 Nf4 27. g3 Ne6
28. Rb8 Nc7 29. Ke3 Ke7 30. Kd3 Kd7 31. Kc2 Rb6 32. Nc5+ Kc6 33. Nd3 Kd6 34. a4
a5 35. b3 Nf6 36. Nb2 Na6 37. Nc4+ Ke6 38. Rd8 Nb4+ 39. Kb2 Ra6 40. Nb5 Ke7 41.
Rb8 Nd3+ 42. Kc3 Nc5 43. Rc8 Ncd7 44. Rc7 1-0

[Event "40th Annual World Open"]
[Site "Philadelphia USA"]
[Date "2012.07.08"]
[Round "8"]
[White "Vidit, Santosh Gujrathi"]
[Black "Bryant, John Daniel"]
[Result "1/2-1/2"]
[WhiteTitle "IM"]
[BlackTitle "FM"]
[WhiteElo "2530"]
[BlackElo "2377"]
[WhiteFideId "5029465"]
[BlackFideId "2031280"]
[EventDate "2012.07.03"]
[EventType "swiss"]

1. d4 c5 2. d5 e6 3. c4 exd5 4. cxd5 d6 5. Nc3 g6 6. Nf3 Nf6 7. Bf4 Bg7 8. Qa4+
Bd7 9. Qb3 Qc7 10. h3 O-O 11. e3 Na6 12. Nd2 Rfd8 13. a4 Nb4 14. Be2 a6 15. O-O
b5 16. axb5 axb5 17. Rxa8 Rxa8 18. Bxb5 Rb8 19. Bxd7 Nxd7 20. Nc4 Nd3 21. Qc2
Nxf4 22. exf4 Rb4 23. Na2 Rb8 24. Nc3 Nb6 25. Nb5 Qd7 26. Nbxd6 Nxc4 27. Nxc4
Qxd5 28. Re1 Bd4 29. b3 1/2-1/2

[Event "40th Annual World Open"]
[Site "Philadelphia USA"]
[Date "2012.07.08"]
[Round "8"]
[White "Tania, Sachdev"]
[Black "Azarov, Sergei"]
[Result "0-1"]
[WhiteTitle "IM"]
[BlackTitle "GM"]
[WhiteElo "2394"]
[BlackElo "2658"]
[WhiteFideId "5007844"]
[BlackFideId "13501470"]
[EventDate "2012.07.03"]
[EventType "swiss"]

1. d4 d5 2. c4 e6 3. Nc3 Be7 4. Nf3 Nf6 5. Bf4 O-O 6. e3 Nbd7 7. cxd5 Nxd5 8.
Nxd5 exd5 9. a3 c5 10. dxc5 Nxc5 11. Be2 Bf6 12. Be5 Bxe5 13. Nxe5 d4 14. exd4
Ne6 15. O-O Nxd4 16. Bd3 Be6 17. Re1 g6 18. Bc4 Bxc4 19. Nxc4 Qf6 20. Rc1 Rad8
21. Qg4 Rfe8 22. Rxe8+ Rxe8 23. Ne3 h5 24. Qd7 Ne2+ 25. Kh1 Rf8 26. Rf1 Qxb2 27.
Nd5 Kg7 28. Qe7 Rc8 29. Nc7 Kg8 30. Qd7 Rb8 31. Nd5 Qe5 32. f4 Qe6 33. Qc7 Re8
34. Qxb7 Nd4 35. h3 Rd8 36. Nb4 a5 37. Qc7 Ra8 38. Nc2 Rc8 39. Nxd4 Qa6 40. Qe5
Qxf1+ 41. Kh2 Qc4 42. Qf6 Re8 0-1

[Event "40th Annual World Open"]
[Site "Philadelphia USA"]
[Date "2012.07.08"]
[Round "8"]
[White "Arias Santana, Mauricio"]
[Black "Shyam, Nikil P."]
[Result "1/2-1/2"]
[WhiteTitle "IM"]
[BlackTitle "IM"]
[WhiteElo "2316"]
[BlackElo "2502"]
[WhiteFideId "6500366"]
[BlackFideId "5024218"]
[EventDate "2012.07.03"]
[EventType "swiss"]

1. d4 g6 2. e4 Bg7 3. Nc3 c6 4. Be3 d5 5. e5 Nh6 6. f4 Qb6 7. Rb1 f6 8. Nf3 Bg4
9. Be2 Bxf3 10. Bxf3 fxe5 11. fxe5 Nf5 12. Bf2 Bh6 13. Qd3 Qa6 14. Ke2 Rf8 15.
a3 Ng7 16. Qxa6 Nxa6 17. Kd3 Ne6 18. Ne2 c5 19. c3 Rd8 20. Rbf1 c4+ 21. Kc2 Ng7
22. Be1 Nf5 23. Bd2 Bxd2 24. Kxd2 Nh4 25. Ke3 Nc7 26. g3 Nf5+ 27. Kd2 Ng7 28. h4
Nce6 1/2-1/2

[Event "40th Annual World Open"]
[Site "Philadelphia USA"]
[Date "2012.07.08"]
[Round "8"]
[White "Colas, Joshua"]
[Black "Kekelidze, Mikheil"]
[Result "0-1"]
[BlackTitle "GM"]
[WhiteElo "2126"]
[BlackElo "2494"]
[WhiteFideId "2044447"]
[BlackFideId "13600818"]
[EventDate "2012.07.03"]
[EventType "swiss"]

1. d4 Nf6 2. c4 c5 3. d5 e5 4. Nc3 d6 5. e4 Be7 6. Nf3 Nbd7 7. Qa4 a6 8. Be2 O-O
9. O-O Ne8 10. Qc2 g6 11. Bd3 Ng7 12. Bh6 Nf6 13. h3 Kh8 14. Nd2 Nfh5 15. Ne2
Bg5 16. Bxg5 Qxg5 17. Nf3 Qe7 18. g4 Nf6 19. Ne1 h5 20. f3 Nh7 21. Ng2 Bd7 22.
Rae1 b5 23. b3 b4 24. Qd2 a5 25. a4 bxa3 26. Ra1 f5 27. exf5 gxf5 28. Ng3 Qg5
29. Qxg5 Nxg5 30. gxf5 Nxf5 31. Bxf5 Bxf5 32. h4 Nh3+ 33. Kh2 Bd3 34. Kxh3 Bxf1
35. Nxf1 Rxf3+ 36. Kh2 a4 37. Rxa3 Rxf1 38. bxa4 Rf2 39. Kg1 Rf7 40. Ne3 Rf3 41.
a5 Rg8+ 42. Kh2 Rgg3 0-1

[Event "40th Annual World Open"]
[Site "Philadelphia USA"]
[Date "2012.07.08"]
[Round "8"]
[White "Ortiz, Nadya Karolina"]
[Black "Molner, Mackenzie"]
[Result "0-1"]
[WhiteTitle "WGM"]
[BlackTitle "IM"]
[WhiteElo "2230"]
[BlackElo "2479"]
[WhiteFideId "4401778"]
[BlackFideId "2021722"]
[EventDate "2012.07.03"]
[EventType "swiss"]

1. e4 c5 2. Nf3 d6 3. d4 cxd4 4. Nxd4 Nf6 5. Nc3 a6 6. f3 Qb6 7. Nb3 e6 8. Bf4
Be7 9. Qd2 O-O 10. O-O-O Rd8 11. Na4 Qc6 12. Qa5 b5 13. Nb6 Ra7 14. e5 dxe5 15.
Bxe5 Rxd1+ 16. Kxd1 Bd8 17. Bxb8 Bxb6 18. Qe1 Rd7+ 19. Bd3 Nd5 20. Kc1 Ne3 21.
Qe2 Bb7 22. Kb1 Nc4 23. Bf4 Qc8 24. Bc1 Bd5 25. Nd2 Bd4 26. Nxc4 bxc4 27. Be4
Bf6 28. Rd1 g6 29. g3 Qb8 30. Ka1 Qb5 31. c3 Bxe4 32. fxe4 Rd3 33. Rf1 Be5 34.
Qf2 Rd7 35. Bf4 Kg7 36. Bc1 Qb7 37. Qe2 Rd3 38. Qf2 Qc7 39. Bg5 Qd7 40. Bf6+ Kg8
41. a3 Rd2 42. Bxe5 Rxf2 43. Rxf2 Qd3 44. Bf6 Qxe4 45. Rf4 Qh1+ 46. Ka2 g5 47.
Bxg5 Qxh2 48. Bf6 Qe2 49. Rd4 h5 50. Rd6 Qf3 51. Bd4 Kh7 52. Rxa6 Qxg3 53. Ra8
e5 54. Bc5 h4 0-1

[Event "40th Annual World Open"]
[Site "Philadelphia USA"]
[Date "2012.07.08"]
[Round "8"]
[White "Bartell, Thomas"]
[Black "Sarkar, Justin"]
[Result "1/2-1/2"]
[WhiteTitle "FM"]
[BlackTitle "IM"]
[WhiteElo "2410"]
[BlackElo "2396"]
[WhiteFideId "2017849"]
[BlackFideId "2010011"]
[EventDate "2012.07.03"]
[EventType "swiss"]

1. Nf3 c5 2. c4 Nc6 3. Nc3 e5 4. g3 g6 5. Bg2 Bg7 6. O-O Nge7 7. a3 a5 8. d3 O-O
9. Ne1 d6 10. Nc2 Be6 11. Ne3 1/2-1/2

[Event "40th Annual World Open"]
[Site "Philadelphia USA"]
[Date "2012.07.08"]
[Round "8"]
[White "Norowitz, Yaacov"]
[Black "Barrett, Stephen J"]
[Result "1-0"]
[WhiteElo "2388"]
[BlackElo "2233"]
[WhiteFideId "2024799"]
[BlackFideId "408727"]
[EventDate "2012.07.03"]
[EventType "swiss"]

1. d4 Nf6 2. Nf3 g6 3. e3 Bg7 4. Be2 O-O 5. b3 c5 6. O-O d6 7. Bb2 Ne4 8. Qc1 b6
9. c4 e6 10. Rd1 Qe7 11. dxc5 bxc5 12. Bxg7 Kxg7 13. Nfd2 f5 14. Nxe4 fxe4 15.
Nc3 Bb7 16. Nb5 d5 17. Qb2+ Kg8 18. Qe5 Nc6 19. Qc7 Rad8 20. Qxe7 Nxe7 21. Rac1
dxc4 22. Bxc4 Rxd1+ 23. Rxd1 Bd5 24. Nc3 Kf7 25. Nxd5 exd5 26. Bxd5+ Nxd5 27.
Rxd5 c4 28. bxc4 Ke6 29. h4 Rb8 30. Ra5 Rb1+ 31. Kh2 Rc1 32. Rxa7 Rxc4 33. Kg3
Kf5 34. Ra5+ Kf6 35. a4 h6 36. Ra8 g5 37. h5 Rb4 38. a5 Ra4 39. a6 1-0